Эксергетические исследования и оптимизация режимов работы ТЭЦ (Запись № 11709180)

Подробности
000 -МАРКЕР
контрольное поле 02117nam0a2200397 i 4500
001 - ИДЕНТИФИКАТОР ЗАПИСИ
контрольное поле RU\NLR\BIBL_A\012061835
005 - ИДЕНТИФИКАТОР ВЕРСИИ
контрольное поле 20260405160708.0
010 ## - МЕЖДУНАРОДНЫЙ СТАНДАРТНЫЙ НОМЕР КНИГИ (ISBN)
Номер (ISBN) 9785778238015
Тираж 3000
021 ## - НОМЕР ГОСУДАРСТВЕННОЙ РЕГИСТРАЦИИ
Код страны российская федерация
Номер 2019-46093
Номер Листа государственной регистраци КН-П-3369
035 ## - ДРУГИЕ СИСТЕМНЫЕ НОМЕРА
Идентификатор записи (RuMoRGB)010018857
035 ## - ДРУГИЕ СИСТЕМНЫЕ НОМЕРА
Идентификатор записи (NLR Aleph) 012061835
100 ## - ДАННЫЕ ОБЩЕЙ ОБРАБОТКИ
Данные общей обработки 20190722d2019 k y0rusy50 ca
101 0# - ЯЗЫК РЕСУРСА
Язык текста, звукозаписи и т.д. русский
Язык резюме английский
102 ## - СТРАНА ПУБЛИКАЦИИ ИЛИ ПРОИЗВОДСТВА
Страна публикации российская федерация
105 ## - ПОЛЕ КОДИРОВАННЫХ ДАННЫХ: ТЕКСТОВЫЕ МАТЕРИАЛЫ, МОНОГРАФИЧЕСКИЕ
Кодированные данные о монографическом текстовом документе a|||z|||000zy
200 1# - ЗАГЛАВИЕ И СВЕДЕНИЯ ОБ ОТВЕТСТВЕННОСТИ
Основное заглавие Эксергетические исследования и оптимизация режимов работы ТЭЦ
Параллельное заглавие Exergy research and optimazation of CHPP operating modes
Сведения, относящиеся к заглавию [монография]
Первые сведения об ответственности П.А. Шинников, О.В. Боруш, С.В. Зыков
Язык параллельного заглавия английский
210 ## - ПУБЛИКАЦИЯ, РАСПРОСТРАНЕНИЕ И ДР.
Место издания, распространения и т.д. Новосибирск
Имя издателя, распространителя и т. д. Изд-во НГТУ
Дата издания, распространения и т.д. 2019
215 ## - ФИЗИЧЕСКАЯ ХАРАКТЕРИСТИКА
Специфическое обозначение материала и объем 201 с.
Другие сведения о физической характеристике ил., табл.
Размеры 23
225 1# - СЕРИЯ
Основное заглавие серии Монографии НГТУ
Сведения об ответственности редкол.: д.т.н., проф. (пред.) А.А. Батаев [и др.]
300 ## - ОБЩИЕ ПРИМЕЧАНИЯ
Текст примечания Авт. также на англ. яз.: P.A. Shchinnikov, O.V. Borush, S.V. Zykov
300 ## - ОБЩИЕ ПРИМЕЧАНИЯ
Текст примечания Рез. англ.
320 ## - ПРИМЕЧАНИЯ О НАЛИЧИИ В ДОКУМЕНТЕ БИБЛИОГРАФИИ / УКАЗАТЕЛЯ
Текст примечания Библиогр.: с. 187-196 (130 назв.)
510 1# - ПАРАЛЛЕЛЬНОЕ ЗАГЛАВИЕ
Связь между полями z77790
Параллельное заглавие Exergy research and optimazation of CHPP operating modes
Язык заглавия английский
606 1# - НАИМЕНОВАНИЕ ТЕМЫ КАК ПРЕДМЕТ
Наименование темы Теплоэлектроцентрали
Тематический подзаголовок Режим работы
-- Оптимизация
Системный номер авторитетной/нормативной записи 1867174
Идентификатор авторитетной/нормативной записи RU\NLR\AUTH\661138318
606 1# - НАИМЕНОВАНИЕ ТЕМЫ КАК ПРЕДМЕТ
Наименование темы Теплоэлектроцентрали
Тематический подзаголовок Оборудование
-- Эксергетический анализ
Системный номер авторитетной/нормативной записи 2419966
Идентификатор авторитетной/нормативной записи RU\NLR\AUTH\6601659903
686 1# - ИНДЕКСЫ ДРУГИХ КЛАССИФИКАЦИЙ
Индекс З37-022.5
686 1# - ИНДЕКСЫ ДРУГИХ КЛАССИФИКАЦИЙ
Индекс З37-5-022.4
700 #1 - ИМЯ ЛИЦА - ПЕРВИЧНАЯ ОТВЕТСТВЕННОСТЬ
Графика поля Кириллица
Материалы, к которым относится поле rus
Начальный элемент ввода Щинников
Часть имени, кроме начального элемента ввода П. А.
Даты 1963-
Расширение инициалов личного имени Павел Александрович
Идентификатор авторитетной/нормативной записи RU\NLR\AUTH\7767294
Системный номер авторитетной/нормативной записи 50222
701 #1 - ИМЯ ЛИЦА - АЛЬТЕРНАТИВНАЯ ОТВЕТСТВЕННОСТЬ
Начальный элемент ввода Боруш
Часть имени, кроме начального элемента ввода О. В.
Расширение инициалов личного имени Олеся Владимировна
701 #1 - ИМЯ ЛИЦА - АЛЬТЕРНАТИВНАЯ ОТВЕТСТВЕННОСТЬ
Начальный элемент ввода Зыков
Часть имени, кроме начального элемента ввода С. В.
Расширение инициалов личного имени Сергей Владимирович
790 #1 - ИМЯ ЛИЦА - АЛЬТЕРНАТИВНАЯ ФОРМА
Графика поля Латинская
Материалы, к которым относится поле rus
Начальный элемент ввода Ščinnikov
Часть имени, кроме начального элемента ввода P. A.
Даты 1963-
Расширение инициалов личного имени Pavel Aleksandrovič
Идентификатор авторитетной/нормативной записи RU\NLR\AUTH\7767295
Системный номер авторитетной/нормативной записи 50223
942 ## - ДОПОЛНИТЕЛЬНЫЕ ЭЛЕМЕНТЫ ЗАПИСИ (АБИС)
Тип экземпляра АБИС Книга
980 ## - КОЛЛЕКЦИЯ
Название коллекции НБР

Нет доступных экземпляров.